<?xml version="1.0" encoding="UTF-8"?><?xml-stylesheet type="text/xsl" href="static/style.xsl"?><OAI-PMH xmlns="http://www.openarchives.org/OAI/2.0/" xmlns:xsi="http://www.w3.org/2001/XMLSchema-instance" xsi:schemaLocation="http://www.openarchives.org/OAI/2.0/ http://www.openarchives.org/OAI/2.0/OAI-PMH.xsd"><responseDate>2026-06-03T11:43:43Z</responseDate><request verb="GetRecord" identifier="oai:riuma.uma.es:10630/36212" metadataPrefix="marc">https://riuma.uma.es/rest/oai/request</request><GetRecord><record><header><identifier>oai:riuma.uma.es:10630/36212</identifier><datestamp>2026-02-03T10:53:31Z</datestamp><setSpec>com_10630_2254</setSpec><setSpec>col_10630_37953</setSpec></header><metadata><record xmlns="http://www.loc.gov/MARC21/slim" xmlns:dcterms="http://purl.org/dc/terms/" xmlns:doc="http://www.lyncode.com/xoai" xmlns:xsi="http://www.w3.org/2001/XMLSchema-instance" xsi:schemaLocation="http://www.loc.gov/MARC21/slim http://www.loc.gov/standards/marcxml/schema/MARC21slim.xsd">
   <leader>00925njm 22002777a 4500</leader>
   <datafield ind2=" " ind1=" " tag="042">
      <subfield code="a">dc</subfield>
   </datafield>
   <datafield ind2=" " ind1=" " tag="720">
      <subfield code="a">Torres-Martín, José Luis</subfield>
      <subfield code="e">author</subfield>
   </datafield>
   <datafield ind2=" " ind1=" " tag="720">
      <subfield code="a">Castro-Martí­nez, Andrea</subfield>
      <subfield code="e">author</subfield>
   </datafield>
   <datafield ind2=" " ind1=" " tag="720">
      <subfield code="a">Díaz-Morilla, Pablo</subfield>
      <subfield code="e">author</subfield>
   </datafield>
   <datafield ind2=" " ind1=" " tag="260">
      <subfield code="c">2022-07-15</subfield>
   </datafield>
   <datafield ind2=" " ind1=" " tag="520">
      <subfield code="a">Este trabajo aborda el uso de las narrativas transmedia como recurso para el proceso de enseñanza-aprendizaje en los grados de Comunicación Audiovisual de las universidades públicas españolas. Para ello emplea como herramientas una revisión bibliográfica documental de la literatura sobre el tema y un análisis de contenido de 331 guías docentes, en las que se ha realizado una búsqueda de terminología relacionada. Los resultados indican que, pese a las ventajas de las narrativas transmedia como estrategia aplicada a la docencia, en el caso de los grados de Comunicación Audiovisual se encuentra infrautilizada, pues su aplicación es muy escasa. La transmedialidad no se explota como método para facilitar la adquisición de conocimientos y competencias, por lo que se desaprovecha la oportunidad de trabajar la transversalidad de estos recursos, que pueden promover el aprendizaje significativo e implicar al alumnado al convertirlo en sujeto activo de las creaciones transmedia. El empleo de estas estrategias como parte de las herramientas didácticas puede revertir en un mejor manejo de estas técnicas que ya tienen gran importancia en la práctica profesional.</subfield>
   </datafield>
   <datafield ind1="8" ind2=" " tag="024">
      <subfield code="a">Torres-Martín, J. L., Castro-Martínez, A., &amp; Díaz-Morilla, P. (2022). Metodología transmedia en los grados de comunicación audiovisual en España. index.Comunicación, 12(2), 99–122. https://doi.org/10.33732/ixc/12/02Metodo</subfield>
   </datafield>
   <datafield ind1="8" ind2=" " tag="024">
      <subfield code="a">https://hdl.handle.net/10630/36212</subfield>
   </datafield>
   <datafield ind1="8" ind2=" " tag="024">
      <subfield code="a">10.33732/ixc/12/02Metodo</subfield>
   </datafield>
   <datafield tag="653" ind2=" " ind1=" ">
      <subfield code="a">Comunicación audiovisual - Estudio y enseñanza</subfield>
   </datafield>
   <datafield ind2="0" ind1="0" tag="245">
      <subfield code="a">Metodología transmedia en los grados de comunicación audiovisual en España</subfield>
   </datafield>
</record>
</metadata></record></GetRecord></OAI-PMH>